000
00284nam a22001217a 4500
082
_a
746.44 NEE
100
_a
RHOADES, GENA
_9
76660
245
_a
NEEDLEWORK AND CRAFTS
260
_a
NEEDLEWORK MAGAZINE
_b
NEWYORK
_c
1980
300
_a
195P
650
_a
EMBROIDERY
_9
32735
942
_c
BK
999
_c
582010
_d
582010